Las matemáticas en la escuela secundaria /

Guardado en:
Autor Principal: Kinsella, John J.
Formato: Libro
Publicado: Argentina : Troquel, 1968
Materias:
Etiquetas: Agregar Etiqueta
Sin Etiquetas, Sea el primero en etiquetar este registro!
LEADER 00969nam a22001815a 4500
001 CEM.cems003593
005 19000101000000.0
008 130507s1968##################000#0#####d
003 CEMS
082 0 4 |a 507 
100 1 |a Kinsella, John J. 
245 1 0 |a Las matemáticas en la escuela secundaria / 
260 |a Argentina :  |b Troquel,  |c 1968 
300 |a 136 p. 
505 0 |a Que es la ciencia; Por que se estudia y se enseña la ciencia; Fundamentos psicológicos de la educación; El cambio en los programas de ciencias de la escuela secundaria; Planeamiento de las lecciones de ciencias; Métodos de enseñanza de la ciencia; La discusión colectiva como medio de indagación; La evaluación de la conducta personal total; Materiales para la enseñanza; La creatividad; Instalaciones escolares para el futuro; La disciplina; La practica docente 
653 |a Matematica 
653 |a Matematica-enseÑanza secundaria 
859 |a CEMS  |b BIB. CEMS - 11 de abril  |h 507  |i K625  |p 4954.76  |t Ej.1